Statistics for Circular Cutouts from a World Map

Click here to take the quiz!

General Stats

  • This quiz has been taken 18,232 times
    (18,198 since last reset)
  • The average score is 9 of 12

Answer Stats

Answer% Correct
Albania / Greece / Italy
97%
Japan / North Korea / South Korea
94%
Bahamas / Cuba / Dominican Republic/ Haiti/ Jamaica
90%
Djibouti / Eritrea / Ethiopia/ Somalia/ Yemen
88%
Canada / United States
84%
China / India / Nepal / Pakistan
84%
Bahrain / Qatar / Saudi Arabia / United Arab Emirates
81%
Denmark / Norway / United Kingdom
78%
Algeria / Chad / Libya / Niger
75%
Australia
71%
Mongolia / Russia
57%
Brazil / Colombia / Venezuela
37%

Score Distribution

Percentile by Number Answered

Percent of People with Each Score

Your Score History

You have not taken this quiz since the last reset